Loco Por Verte - Justin Quiles, Lenny Tavárez, Los Hitmen - Estadísticas

Estadísticas generales
  • Esta prueba ha sido intentada 25 veces
  • La puntuación promedio es 163 de 423
Estadísticas de respuestas
Letra % Correcto
a
100%
A
100%
al
50%
apague
50%
aprieto
50%
Avanza
50%
avanza
50%
baby
50%
bombero
50%
brinca
50%
caliente
50%
cama
50%
canguro
50%
como
50%
cómo
50%
cuándo
50%
cuando
50%
cuello
50%
de
50%
De
50%
dices
50%
dime
50%
duro
50%
eh
50%
El
50%
el
50%
en
50%
En
50%
Es
50%
es
50%
está
50%
estoy
50%
ex
50%
extremo
50%
Fuego
50%
hace
50%
hacemos
50%
Hago
50%
l
50%
la
50%
llame
50%
llega
50%
llegar
50%
llegué
50%
lo
50%
Loco
50%
loco
50%
ma
50%
Mal
50%
mano
50%
Me
50%
me
50%
mente
50%
meto
50%
mi
50%
mientras
50%
no
50%
pa
50%
pensar
50%
pone
50%
por
50%
Prepárate
50%
que
50%
Que
50%
Qué
50%
qué
50%
quemo
50%
rudo
50%
te
50%
Te
50%
ti
50%
Tiene
50%
tiene
50%
toda
50%
tomo
50%
tu
50%
50%
50%
un
50%
una
50%
Una
50%
va
50%
vas
50%
vengo
50%
verte
50%
vestido
50%
vo
50%
voy
50%
y
50%
Y
50%
ya
50%
yo
50%
Abracadabra
0%
ahí
0%
ajora
0%
arrepentir
0%
arrodillarme
0%
bellaco
0%
beso
0%
Bird
0%
Box
0%
cadera
0%
calle
0%
cara
0%
Chavo
0%
coma
0%
comas
0%
comerte
0%
con
0%
contigo
0%
corro
0%
cosa
0%
culo
0%
darte
0%
Dónde
0%
encanta
0%
Encojona
0%
enoja
0%
entrenar
0%
esa
0%
Ese
0%
eso
0%
Eso
0%
estar
0%
falta
0%
fluir
0%
frente
0%
fui
0%
ganas
0%
goza
0%
gym
0%
hay
0%
joderte
0%
lady
0%
Limpiecita
0%
llevo
0%
los
0%
malda
0%
malo
0%
maravillosa
0%
merezco
0%
mirarte
0%
misionar
0%
moja
0%
obedezco
0%
ojos
0%
partir
0%
porque
0%
Preguntándole
0%
quién
0%
quiera
0%
quieras
0%
quiero
0%
quitaba
0%
Rompe
0%
sabes
0%
se
0%
Si
0%
si
0%
soledad
0%
Solo
0%
soy
0%
suavecita
0%
sucia
0%
suerte
0%
tendrás
0%
Tengo
0%
texto
0%
toa
0%
vendo
0%
venirse
0%
No se encontraron pruebas coincidentes
Distribución de puntuación
Porcentaje de gente con cada puntuación
Porcentaje por número respondido
Historial de tus puntuaciones
No has intentado esta prueba.